00470pab a2200169 454500008004000000100002300040245009300063260000900156300001400165362000900179650001000188650001500198650002700213700001700240700002000257773002300277180718b2004 xxu||||| |||| 00| 0 eng d aBourgois, Philippe aThe everyday violence of hepatitis C among young women who inject drugs in San Francisco c2004 ap.253-64. aFall aDrugs aHepatitisc aWomens health services aMoss, Andrew aPrince, Bridget aHuman Organization